000 00288nam a2200133Ia 4500
100 _aGrainger/J.A
942 _cBK
654 _aPresses
245 _aPress Work & Presses
260 _bMachinery Publication & co
_aLondon
_c1961
082 _a621.9
300 _a284
546 _aENGLISH
999 _c25749
_d25749